000 01082cam a22003377a 4500
003 CHAP
005 20220329142738.0
008 010926d2000 mx r 00110 spa d
010 _a87156
011 _a88128
020 _a1566703948
035 _a98673
040 _cCHAP
082 0 4 _a634.928
_bF4
100 0 0 _aFranklin, Steven E.
_943041
245 1 0 _aRemote sensing for sustainable forest management
_c/by Steven E. Franklin
260 _aBoca Ratón :
_bLewis publishers,
_c2001.
300 _a407 p.
590 _aBATCH-UPD
_b10
_c20130110
_lUCH01
_h0337
590 _aBATCH-UPD
_b10
_c20130110
_lUCH01
_h1826
590 _aBATCH-UPD
_b10
_c20130410
_lUCH01
_h0010
590 _aBATCH-UPD
_b10
_c20130914
_lUCH01
_h0703
590 _aCONVERSION
_b10
_c20130109
_lUCH01
_h1348
650 1 4 _aBosques
_xAdministración.
_914003
650 1 4 _aSensores remotos.
_9104427
650 1 4 _aSilvicultura sustentable.
_9106136
901 _aBK
905 _aAlejandra Carrasco M.
942 _cLIBRO
949 _a634.928 F4
_bBC
_cLIBRO
_d33724000888962
_eLIBRO
_h103554
_i98673
_si
_t$ 945.00
999 _c87156
_d87156